000 01242 a2200205 4500
003 Nust
005 20221102154914.0
010 _a 89002372
020 _a0023598816
040 _cNust
082 0 0 _a621.3192,IRW
100 1 _aIrwin, J. David,
_915005
245 1 0 _aBasic engineering circuit analysis /
_cJ. David Irwin.
250 _a3rd ed.
260 _aNew York :
_bMacmillan ;
_aLondon :
_bCollier Macmillan,
_cc1989.
300 _axvii, 936 p. :
_bill. (some col.) ;
_c24 cm.
505 _aBasic Concepts (Page-1), Resistive Circuits (Page-20), Nodal And Loop Analysis Techniques (Page-83), DC Spice Analysis (Page-147), Additional Analysis Techniques (Page-180), Capacitance and Inductance (Page-231), RC and RL Circuits (Page-255), RLC Circuits (Page-318), Sinusoids and Phasors (Page-353), Sinusoidal Steady State Analysis (Page-405), Steady State Power Analysis (Page-444), Polyphase Circuits (Page-495), Magnetically Coupled Networks (Page-541), Frequency Characteristics (Page-595), Two Port Networks (Page-683), The Laplace Transform (Page-728), Applications of the Laplace Transform to Circuits Analysis (Page-766), Fourier Analysis Techniques (Page-809).
650 0 _aElectric circuit analysis.
_92075
942 _2ddc
_cBK
999 _c179231
_d179231